000 01000nam a2200229 a 4500
008 060512s2005 ||||||||||||||||| || u
020 _a082136183X
050 _aIBRD(06)DD/2005/1
100 _aMaimbo, Samuel Munzele
245 1 0 _aMigrant labor remittances in South Asia
_cSamuel Munzele Maimbo...[et al.]
260 _aWashington, D. C.
_bWorld Bank
_c2005
300 _axvi; 83p.; ill.
350 _a0.00
490 _aDirections in development
650 _aLABOUR
650 _aBANKS AND BANKING--SOUTH ASIA
650 _aALIEN LABOR--SOUTH ASIA--ARAB COUNTRIES
650 _aINFRASTRUCTURE--ECONOMICS--SOUTH ASIA
650 _aMIGRANT LABOR--SOUTH ASIA
995 _aSPECIAL COLLECTIONS
_D0.00
_e43985
_FCBU-MAIN LIBRARY (Kitwe)
_H1
_I0.00
_jIBRD(06)DD/2005/1A
_M1
_UAVAILABLE
_WMay 12, 2006
_y43985
_ZInternational Publications
995 _aSPECIAL COLLECTIONS
_D0.00
_e43988
_FCBU-MAIN LIBRARY (Kitwe)
_H1
_I0.00
_jIBRD(06)DD/2005/1B
_M2
_UAVAILABLE
_WMay 12, 2006
_y43988
_ZInternational Publications
999 _c77649
_d77649